40 años dejando huella en Colombia / (Registro nro. 7481)
[ vista simple ]
| 000 -LEADER | |
|---|---|
| fixed length control field | 00837nam a22002297a 4500 |
| 003 - CONTROL NUMBER IDENTIFIER | |
| control field | OSt |
| 005 - DATE AND TIME OF LATEST TRANSACTION | |
| control field | 20210306190916.0 |
| 008 - FIXED-LENGTH DATA ELEMENTS--GENERAL INFORMATION | |
| fixed length control field | 210306s2008 ck ao||gr|||| 000 0 spa d |
| 040 ## - CATALOGING SOURCE | |
| Original cataloging agency | CO-JMCR |
| Transcribing agency | CO-JMCR |
| 041 0# - LANGUAGE CODE | |
| Language code of text/sound track or separate title | spa |
| 082 04 - DEWEY DECIMAL CLASSIFICATION NUMBER | |
| Classification number | 676.2 / |
| Item number | E487c |
| 100 1# - MAIN ENTRY--PERSONAL NAME | |
| Personal name | Elorza, Luisa, |
| Relator term | autor |
| 9 (RLIN) | 14502 |
| 245 10 - TITLE STATEMENT | |
| Title | 40 años dejando huella en Colombia / |
| Statement of responsibility, etc. | [textos, Luisa Elorza, Cristina Macías] |
| 246 2# - VARYING FORM OF TITLE | |
| Title proper/short title | cuarenta años dejando huella en Colombia |
| 260 ## - PUBLICATION, DISTRIBUTION, ETC. | |
| Place of publication, distribution, etc. | [Bogotá] : |
| Name of publisher, distributor, etc. | Colombiana Kimberly Colpapel, |
| Date of publication, distribution, etc. | 2008 |
| 300 ## - PHYSICAL DESCRIPTION | |
| Extent | 119 páginas : |
| Other physical details | fotografías a color ; |
| Dimensions | 31 cm |
| 610 24 - SUBJECT ADDED ENTRY--CORPORATE NAME | |
| Corporate name or jurisdiction name as entry element | Colombiana Kimberly Colpapel |
| General subdivision | historia |
| 9 (RLIN) | 14503 |
| 610 24 - SUBJECT ADDED ENTRY--CORPORATE NAME | |
| Corporate name or jurisdiction name as entry element | Colombiana Kimberly Colpapel |
| General subdivision | homenajes |
| 9 (RLIN) | 14504 |
| 650 14 - SUBJECT ADDED ENTRY--TOPICAL TERM | |
| Topical term or geographic name entry element | Industria de los productos de papel |
| Geographic subdivision | Colombia |
| 9 (RLIN) | 14505 |
| 700 1# - ADDED ENTRY--PERSONAL NAME | |
| Personal name | Macías, Cristina, |
| Relator term | autora |
| 9 (RLIN) | 14506 |
| 942 ## - ADDED ENTRY ELEMENTS (KOHA) | |
| Source of classification or shelving scheme | Dewey Decimal Classification |
| Koha item type | Books |
| Withdrawn status | Lost status | Source of classification or shelving scheme | Damaged status | Not for loan | Home library | Current library | Date acquired | Source of acquisition | Total Checkouts | Full call number | Barcode | Date last seen | Copy number | Price effective from | Koha item type |
|---|---|---|---|---|---|---|---|---|---|---|---|---|---|---|---|
| Dewey Decimal Classification | Biblioteca Pública José María del Castillo y Rada | Biblioteca Pública José María del Castillo y Rada | 03/06/2021 | Donación | 676.2 / E487c | 201810553 | 05/16/2024 | Ej.1 | 03/06/2021 | Books |